<?xml version="1.0" encoding="UTF-8"?>
<record
    xmlns:xsi="http://www.w3.org/2001/XMLSchema-instance"
    xsi:schemaLocation="http://www.loc.gov/MARC21/slim http://www.loc.gov/standards/marcxml/schema/MARC21slim.xsd"
    xmlns="http://www.loc.gov/MARC21/slim">

  <leader>03852cam a2200337 i 4500</leader>
  <controlfield tag="001">991060745349906706</controlfield>
  <controlfield tag="005">20250619154452.0</controlfield>
  <controlfield tag="008">221005s2022    spca||||||||| 0|0 0 spa|c</controlfield>
  <datafield tag="015" ind1=" " ind2=" ">
    <subfield code="a">LL2022</subfield>
    <subfield code="2">bnc</subfield>
  </datafield>
  <datafield tag="017" ind1=" " ind2=" ">
    <subfield code="a">DL B 11.807-2022</subfield>
    <subfield code="b">Biblioteca de Catalunya</subfield>
  </datafield>
  <datafield tag="020" ind1=" " ind2=" ">
    <subfield code="a">9788418006494</subfield>
  </datafield>
  <datafield tag="035" ind1=" " ind2=" ">
    <subfield code="a">(OCoLC)1376843307</subfield>
  </datafield>
  <datafield tag="040" ind1=" " ind2=" ">
    <subfield code="a">ES-TaURV</subfield>
    <subfield code="b">English</subfield>
    <subfield code="e">rda</subfield>
    <subfield code="c">ES-TaURV</subfield>
    <subfield code="d">ES-BaBC</subfield>
  </datafield>
  <datafield tag="041" ind1=" " ind2=" ">
    <subfield code="a">Spanish</subfield>
  </datafield>
  <datafield tag="100" ind1=" " ind2=" ">
    <subfield code="a">Sigman, Mariano,</subfield>
    <subfield code="d">1972-</subfield>
    <subfield code="e">author</subfield>
  </datafield>
  <datafield tag="245" ind1="1" ind2="3">
    <subfield code="a">El Poder de las palabras </subfield>
    <subfield code="b">: c&#xF3;mo cambiar tu cerebro (y tu vida) conversando </subfield>
    <subfield code="c">/ Mariano Sigman</subfield>
  </datafield>
  <datafield tag="250" ind1=" " ind2=" ">
    <subfield code="a">First edition</subfield>
  </datafield>
  <datafield tag="264" ind1=" " ind2="1">
    <subfield code="a">Barcelona :</subfield>
    <subfield code="b">Debate,</subfield>
    <subfield code="c">[2022]</subfield>
  </datafield>
  <datafield tag="300" ind1=" " ind2=" ">
    <subfield code="a">347pages :</subfield>
    <subfield code="b">illustrations;</subfield>
    <subfield code="c">23 cm</subfield>
  </datafield>
  <datafield tag="490" ind1="1" ind2=" ">
    <subfield code="a">Ciencia</subfield>
  </datafield>
  <datafield tag="520" ind1=" " ind2=" ">
    <subfield code="a">Nuestra mente es mucho m&#xE1;s maleable de lo que pensamos. Aunque nos resulte sorprendente, conservamos durante toda la vida la misma capacidad de aprender que ten&#xED;amos cuando &#xE9;ramos ni&#xF1;os. Lo que s&#xED; perdemos con el paso del tiempo es la necesidad y la motivaci&#xF3;n para aprender, de modo que vamos construyendo sentencias sobre lo que no podemos ser: el que est&#xE1; convencido de que las matem&#xE1;ticas no son lo suyo, la que siente que no naci&#xF3; para la m&#xFA;sica, la que cree que no puede manejar su enfado y el que no puede superar sus miedos. Demoler estas creencias es el punto de partida para mejorar cualquier cosa, en cualquier momento de la vida.

Esta es la buena noticia: se pueden cambiar ideas y sentimientos, aun aquellos que est&#xE1;n profundamente arraigados. La mala noticia es que para transformarlos no basta con propon&#xE9;rselo. As&#xED; como concluimos a la velocidad de un rayo si una persona nos parece confiable, inteligente o divertida, tambi&#xE9;n los juicios sobre nosotros mismos son precipitados e imprecisos. Ese es el h&#xE1;bito que tenemos que aprender: el de hablar con uno mismo.

Por suerte, la mala noticia no es tan mala. Disponemos de una herramienta simple y potente: las buenas conversaciones. Mezclando neurociencia, historias de vida y mucho humor, este libro explica c&#xF3;mo y por qu&#xE9; estas buenas conversaciones mejoran la toma de decisiones, las ideas, la memoria y la vida emocional y, as&#xED;, pueden cambiar tu vida.</subfield>
  </datafield>
  <datafield tag="520" ind1=" " ind2=" ">
    <subfield code="a">Our minds are far more malleable than we tend to believe. Surprisingly, we retain the same ability to learn throughout our lives as we had when we were children. What we do lose over time is the need and motivation to learn, and so we gradually build up firm beliefs about what we are not capable of: the person convinced that maths isn't for them, the one who feels they weren't born for music, the one who believes they can&#x2019;t manage their anger, or the one who thinks they&#x2019;ll never overcome their fears. Dismantling these beliefs is the starting point for improving anything, at any moment in life.

Here&#x2019;s the good news: thoughts and feelings can be changed &#x2014; even those that are deeply rooted. The bad news is that it takes more than simply wanting to change. Just as we make lightning-fast judgements about whether someone seems trustworthy, intelligent or fun, our assessments of ourselves are often just as hasty and inaccurate. That&#x2019;s the habit we need to cultivate: talking to ourselves.

Fortunately, the bad news isn&#x2019;t all that bad. We have a simple yet powerful tool at our disposal: good conversations. Blending neuroscience, life stories, and a generous dose of humour, this book explores how and why these good conversations can enhance our decision-making, ideas, memory, and emotional life &#x2014; and in doing so, change our lives.</subfield>
  </datafield>
  <datafield tag="650" ind1=" " ind2="0">
    <subfield code="a">Human communication</subfield>
    <subfield code="9">9650</subfield>
  </datafield>
  <datafield tag="650" ind1=" " ind2="0">
    <subfield code="a">Interpersonal communication</subfield>
    <subfield code="9">5568</subfield>
  </datafield>
  <datafield tag="650" ind1=" " ind2="0">
    <subfield code="a">Cognition</subfield>
    <subfield code="9">6853</subfield>
  </datafield>
  <datafield tag="650" ind1=" " ind2="0">
    <subfield code="a">Conversation</subfield>
    <subfield code="9">25552</subfield>
  </datafield>
  <datafield tag="650" ind1=" " ind2="0">
    <subfield code="a">Human communication</subfield>
    <subfield code="9">9650</subfield>
  </datafield>
  <datafield tag="650" ind1=" " ind2="0">
    <subfield code="a">Self-realization</subfield>
    <subfield code="9">6708</subfield>
  </datafield>
  <datafield tag="830" ind1=" " ind2="0">
    <subfield code="a">Ciencia (Editorial Debate)</subfield>
  </datafield>
  <datafield tag="942" ind1=" " ind2=" ">
    <subfield code="2">lcc</subfield>
  </datafield>
  <datafield tag="952" ind1=" " ind2=" ">
    <subfield code="0">0</subfield>
    <subfield code="1">0</subfield>
    <subfield code="2">lcc</subfield>
    <subfield code="4">0</subfield>
    <subfield code="7">0</subfield>
    <subfield code="a">TBS</subfield>
    <subfield code="b">TBS</subfield>
    <subfield code="d">2025-06-19</subfield>
    <subfield code="l">0</subfield>
    <subfield code="o">BF697.5 SIG</subfield>
    <subfield code="p">B06011</subfield>
    <subfield code="r">2025-06-19</subfield>
    <subfield code="t">1</subfield>
    <subfield code="w">2025-06-19</subfield>
    <subfield code="y">1</subfield>
  </datafield>
  <datafield tag="999" ind1=" " ind2=" ">
    <subfield code="c">4785</subfield>
    <subfield code="d">4785</subfield>
  </datafield>
</record>
